| 000 | 00540nac a22001691u 4500 | ||
|---|---|---|---|
| 008 | 100915t xxu||||| |||| 00| 0 eng d | ||
| 020 | _a8187433221 | ||
| 020 | _a9788187433583 | ||
| 082 |
_a629.231 _bNAK _222 |
||
| 100 |
_aNakra, C. P. _919246 |
||
| 245 |
_aBasic Automobile Engineering / _cC. P. Nakra. |
||
| 260 |
_aNew Delhi : _bDhanpat Rai Publishing Co., _c2002 |
||
| 300 |
_a572 p. : _bill. ; _c24 cm. |
||
| 650 |
_aAutomobiles _xDesign and construction. _919247 _2BUEsh |
||
| 651 | _2BUEsh | ||
| 942 |
_cBB _k629.231NAK _2ddc |
||
| 999 |
_c1001 _d1001 |
||